000 00975nam a2200205 u 4500
001 000476406
003 AM-YeHGA
005 20250617134010.0
008 060222s1988 ||| r ||| 0 rus d
040 _aAM-YeHGA
041 0 _arus
100 1 _aБычев, Михаил Исаакович
245 1 0 _aМасс-спектрометрия продуктов термодеструкции углей /
_cМ.И. Бычев; АН СССР, Сиб. отд-ние, Якут. фил., Ин-т горн. дела Севера.
260 _aЯкутск :
_bЯкут. фил. СО АН СССР,
_c1988.
300 _a142 с.
_b[1] вкл. л. табл., ил.
504 _aБиблиогр. с. 138-141
653 0 _aУгли - Деструкция термическая - Масс-спектрометрические исследования
710 2 _aИнститут горного дела СО АН СССР
_bЯкутский филиал
090 _c176102
999 _c174660
_d174660